[Event "Campeonato Estadual Absoluto Std RJ 202"]
[Site "TTC Sala de Xadrez Ed Leonard"]
[Date "2025.11.20"]
[Round "1.1"]
[White "Celani, Guilherme Fontes"]
[Black "Rangel, Daniel"]
[Result "0-1"]
[WhiteElo "1884"]
[BlackElo "2283"]
[PlyCount "98"]
[EventDate "2025.11.20"]
[EventRounds "6"]
[EventCountry "BRA"]

1. e4 e6 2. d4 d5 3. e5 c5 4. c3 Nc6 5. Nf3 Nge7 6. Bd3 cxd4 7. cxd4 Nf5 8. Bxf5 exf5 9. O-O Be7 10. Nc3 Be6 11. Qb3 Rb8 12. Rd1 $146 ({RR} 12. Ne2 g5 13. Bd2 f4 14. Rfd1 Qd7 15. Ne1 Bg4 16. f3 Be6 17. Nd3 O-O 18. Rac1 b6 19. h4 h6 20. hxg5 hxg5 21. Kf2 Kg7 22. Rh1 Rh8 23. Rxh8 Rxh8 24. a4 Rc8 25. Qb5 Bf5 26. Ne1 Qe6 {Kholmov,R (2550)-Vasiukov,E (2560) Beltsy 1979 1-0 (44)}) ({RR} 12. Ne2 g5 13. Bd2 f4 14. Rfc1 Kf8 15. Ne1 Qb6 16. Nd3 Kg7 17. Qxb6 axb6 18. a3 Rhc8 19. Bb4 Bf5 20. Rc3 Bxd3 21. Rxd3 Nxb4 22. axb4 Rc2 23. Nc3 Rd8 24. Rb1 Bxb4 25. g3 Kg6 26. gxf4 gxf4 {Harikrishna,P (2684)-Cori,J (2496) Benasque 2012 ½-½ (69)}) ({RR} 12. Bd2 g5 13. Ne2 f4 14. Ne1 Qb6 15. Qd3 Qa6 16. Qxa6 bxa6 17. Bc3 Bf5 18. Rd1 Nb4 19. a3 Na2 20. Nd3 O-O 21. Nc5 a5 22. Rd2 Nxc3 23. Nxc3 Be6 24. N3a4 Rfd8 25. Rc1 Bd7 26. Nxd7 Rxd7 {Daulyte-Cornette,D (2394)-Verbin,V (2126) Eforie Nord ROU 2025 1-0 (44)}) ({RR} 12. Be3 O-O 13. Rfd1 g5 14. g3 Kh8 15. Rac1 Rg8 16. Kh1 Qf8 17. Qb5 Qh6 18. Ne2 Qh5 19. Nfg1 Nb4 20. a3 a6 21. Qb6 f4 22. gxf4 Bg4 23. Ng3 Bf3+ 24. Nxf3 Qxf3+ 25. Kg1 gxf4 26. Bxf4 Nc6 {Benner,V (1948)-Gehlert,K (2006) Bayern 2003 0-1 (38)}) 12... O-O 13. Kh1 Kh8 14. Be3 g5 15. Ne2 f4 16. Bd2 Rg8 17. h3 Qd7 18. Nfg1 Rg6 19. Be1 Rbg8 20. Kh2 h5 21. a3 f6 22. exf6 Bxf6 23. f3 Qc7 24. Bd2 Qg7 25. Qd3 Be7 26. Kh1 Bd6 27. Rac1 Qf6 28. Rf1 R8g7 29. Rf2 a6 30. b4 Ne7 31. b5 axb5 32. Qxb5 Nf5 33. Qd3 Kg8 34. a4 Qd8 35. a5 Qd7 36. Ra1 Ng3+ 37. Nxg3 fxg3 38. Re2 g4 39. fxg4 hxg4 40. Rae1 gxh3 41. Qf3 Be7 42. gxh3 g2+ 43. Kh2 Bd6+ 44. Re5 Bxe5+ 45. Rxe5 Qf7 46. Qe2 Rh7 47. Qd3 Rxh3+ 48. Nxh3 g1=Q+ 49. Nxg1 Qf2+ 0-1

[Event "Campeonato Estadual Absoluto Std RJ 202"]
[Site "TTC Sala de Xadrez Ed Leonard"]
[Date "2025.11.20"]
[Round "1.2"]
[White "Guimaraes, Wagner Peixoto"]
[Black "Brito, Vicente De Paulo Al"]
[Result "1-0"]
[WhiteElo "2093"]
[BlackElo "1860"]
[PlyCount "53"]
[EventDate "2025.11.20"]
[EventRounds "6"]
[EventCountry "BRA"]

1. e4 e6 2. d4 d5 3. Nc3 Bb4 4. e5 c5 5. a3 Bxc3+ 6. bxc3 Qa5 7. Bd2 Qa4 8. Nf3 Nc6 9. dxc5 Nge7 10. Bd3 Qa5 11. O-O Qxc5 12. Re1 ({RR} 12. Qe2 Ng6 13. h4 Nge7 14. h5 h6 15. Rfd1 Bd7 16. c4 d4 17. Rab1 Na5 18. Bb4 Qc7 19. Bd6 Qd8 20. Nxd4 b6 21. Qe4 Rc8 22. Nb5 Bc6 23. Qf4 Bxb5 24. Rxb5 Nb7 25. c5 Qd7 26. cxb6 a6 {Goncalves,N (1966)-Molina Mendoza,O (2070) chess.com INT 2024 1-0 (34)}) 12... Ng6 $146 ({RR} 12... Bd7 13. Ng5 Ng6 14. Bxg6 hxg6 15. Qf3 Qe7 16. Nh3 Rh5 17. Qg3 Qh4 18. Qxh4 Rxh4 19. Bg5 Ra4 20. f3 Na5 21. Reb1 Rc8 22. Rb4 b6 23. Rxa4 Bxa4 24. Bd2 Bxc2 25. f4 Nb3 26. Ra2 Bb1 27. Rb2 {Kele,J (2085)-Manfay,M (2145) Hungary 2013 0-1}) 13. h4 Bd7 14. h5 Nge7 15. Rb1 Na5 16. Nd4 a6 17. Qg4 g6 18. Qf4 Nf5 19. g4 Nxd4 20. cxd4 Qc7 21. Qf6 Rg8 22. hxg6 hxg6 23. Re3 Nc6 24. Rh3 Qd8 25. Rh8 Ne7 26. Bb4 Bc6 27. Bxe7 1-0

[Event "Campeonato Estadual Absoluto Std RJ 202"]
[Site "TTC Sala de Xadrez Ed Leonard"]
[Date "2025.11.20"]
[Round "1.3"]
[White "Maia, Erick De Figueiredo"]
[Black "Roland, Marcos Maldonado"]
[Result "0-1"]
[WhiteElo "1841"]
[BlackElo "2089"]
[PlyCount "105"]
[EventDate "2025.11.20"]
[EventRounds "6"]
[EventCountry "BRA"]

1. e4 e5 2. Nf3 Nc6 3. Bc4 Nf6 4. d3 Bc5 5. O-O O-O 6. h3 d6 7. c3 Be6 8. Bb3 Bb6 ({RR} 8... Ne7 9. d4 Bb6 10. Re1 Ng6 11. Nbd2 a6 12. Ba4 c5 13. dxe5 dxe5 14. Bb3 Qc8 15. Bxe6 Qxe6 16. Qb3 Qc6 17. a4 Bc7 18. a5 Qb5 19. Qa2 Rad8 20. Nb3 h6 21. Qa4 Bd6 22. Be3 Rc8 23. Nbd2 {Amin,B (2658)-Bouzidi,A (2214) Marrakesh 2016 1-0 (45)}) 9. Nbd2 ({RR} 9. Re1 h6 10. Nbd2 Qe7 11. Nf1 Bxb3 12. Qxb3 Nd8 13. Ng3 Qe6 14. Qxe6 fxe6 15. d4 exd4 16. cxd4 Nc6 17. Be3 e5 18. dxe5 dxe5 19. Rad1 Rad8 20. Bxb6 axb6 21. Kf1 Nd7 22. Nf5 Nc5 23. N3h4 Rxd1 {Gorli Nyna (1615)-Fang,K (1669) FIDE Online Arena INT 2024 1-0 (36)}) 9... Bxb3 $146 ({RR} 9... d5 10. Ng5 Bc8 11. Qf3 h6 12. exd5 hxg5 13. dxc6 bxc6 14. Ne4 Nxe4 15. dxe4 Ba6 16. Rd1 Qf6 17. Qg3 Be2 18. Rd7 g4 19. Rd2 Ba6 20. hxg4 Qg6 21. Qf3 Bc8 22. Bd1 Be6 23. Be2 f6 24. Rd1 {Dolzhikova,O (2183)-Nyland,T (2034) Fagernes 2018 ½-½ (76)}) 10. axb3 d5 11. exd5 Qxd5 12. Nc4 Rad8 13. Re1 e4 14. Nxb6 axb6 15. Nh2 exd3 16. Bf4 Rd7 17. Nf3 Ne4 18. Ra4 Nc5 19. Ra3 f6 20. b4 Ne4 21. b5 Na5 22. Ra4 Nc4 23. Rb4 d2 24. Re2 c5 25. bxc6 bxc6 26. Nxd2 Nexd2 27. Bxd2 c5 28. Rxc4 Qxc4 29. Qe1 Rfd8 30. Re8+ Kf7 31. Rxd8 Rxd8 32. Be3 Qb3 33. Qe2 Qd1+ 34. Qf1 Qxf1+ 35. Kxf1 Rd1+ 36. Ke2 Rb1 37. b4 cxb4 38. c4 Rb2+ 39. Kd3 Rb3+ 40. Kd4 Rxe3 41. Kxe3 Ke6 42. Kd3 Kd6 43. Kc2 Kc5 44. Kb3 b5 45. cxb5 Kxb5 46. h4 h5 47. f3 f5 48. g3 g6 49. f4 Kc5 50. Kb2 Kd4 51. Kb3 Ke3 52. Kxb4 Kf3 53. Kc3 0-1

[Event "Campeonato Estadual Absoluto Std RJ 202"]
[Site "TTC Sala de Xadrez Ed Leonard"]
[Date "2025.11.20"]
[Round "1.4"]
[White "Manzi, Luiz Antonio Bardar"]
[Black "Pereira, Pedro Nunes"]
[Result "1/2-1/2"]
[WhiteElo "2058"]
[BlackElo "1825"]
[PlyCount "64"]
[EventDate "2025.11.20"]
[EventRounds "6"]
[EventCountry "BRA"]

1. Nf3 d5 2. e3 Nf6 3. b3 Bf5 4. Bb2 e6 5. d4 Bd6 6. Bd3 Bg6 7. Nbd2 ({RR} 7. O-O Qe7 8. Qe2 O-O 9. Nbd2 Ba3 10. Bxa3 Qxa3 11. Ne5 Bxd3 12. Qxd3 Nbd7 13. c4 Qe7 14. f4 c6 15. Ndf3 Ne4 16. g4 f6 17. Nxd7 Qxd7 18. Kh1 Rae8 19. Rac1 Qf7 20. Rc2 Qg6 21. Qd1 Qxg4 {Shubhi Gupta (2067)-Gottstein,C (2113) chess.com INT 2025 1-0 (35)}) 7... Nbd7 8. O-O ({RR} 8. Ne5 O-O 9. Nxg6 hxg6 10. h4 e5 11. c4 c6 12. Qc2 Qe7 13. O-O-O Ba3 14. Kb1 Bxb2 15. Qxb2 Rfe8 16. cxd5 cxd5 17. Bb5 e4 18. Be2 a5 19. Rc1 a4 20. b4 a3 21. Qb3 Qe6 22. Rc7 Qb6 {Aravindh,C (2606)-Le,T (2514) Chess.com INT 2022 0-1 (37)}) 8... Rc8 $146 ({RR} 8... O-O 9. Bxg6 hxg6 10. Ne5 c5 11. f4 cxd4 12. exd4 Rc8 13. c4 Bb4 14. Rc1 Qa5 15. Ndf3 Nxe5 16. Nxe5 Ne4 17. a3 Be7 18. b4 Bxb4 19. axb4 Qxb4 20. Qe2 Qd2 21. Qxd2 Nxd2 22. Rf2 Nxc4 23. Nxc4 {Rocha,A (1453)-Miguel,J (1696) Sao Paulo 2018 ½-½ (32)}) ({RR} 8... c6 9. Ne5 Qc7 10. Ndf3 Ne4 11. c4 O-O-O 12. a4 Bxe5 13. dxe5 dxc4 14. Bxc4 Nxe5 15. Qe2 Nxf3+ 16. Qxf3 Nd2 {0-1 (16) Endovitsky,P-Galinsky,T (2418) Kiev 2003}) ({RR} 8... Qe7 9. Qe2 Ba3 10. Bxa3 Qxa3 11. e4 dxe4 12. Nxe4 O-O 13. c4 c6 14. c5 a5 15. Nd6 Bxd3 16. Qxd3 b6 17. Nc4 Qb4 18. Nfe5 Nxe5 19. dxe5 Nd5 20. cxb6 Nxb6 21. Nd6 a4 22. bxa4 Rxa4 23. Rfc1 {Petesch,G (2330)-Beulen,M (2359) Chess.com INT 2021 1-0 (33)}) 9. Ne5 c5 10. Nxg6 hxg6 11. f4 g5 12. Qe2 cxd4 13. Bxd4 gxf4 14. exf4 Bc5 15. Bxc5 Rxc5 16. h3 Qc7 17. Rae1 a6 18. a4 Rc6 19. Qf3 Nc5 20. c4 Qb6 21. Kh2 Nxb3 22. Nxb3 Qxb3 23. cxd5 Qxd5 24. Rb1 Qxf3 25. Rxf3 Rh5 26. Rxb7 Ra5 27. Rb4 Nd5 28. Rd4 Nc3 29. Bc2 Ne2 30. Rd2 Nd4 31. Rxd4 Rxc2 32. Rb3 Rc7 1/2-1/2

[Event "Campeonato Estadual Absoluto Std RJ 202"]
[Site "TTC Sala de Xadrez Ed Leonard"]
[Date "2025.11.20"]
[Round "1.5"]
[White "Campos, Rafael De Lima"]
[Black "Zacarias, Rodrigo Medeiros"]
[Result "0-1"]
[WhiteElo "1801"]
[BlackElo "2041"]
[PlyCount "112"]
[EventDate "2025.11.20"]
[EventRounds "6"]
[EventCountry "BRA"]

1. e4 c5 2. c3 Nf6 3. e5 Nd5 4. d4 cxd4 5. cxd4 Nc6 6. Nf3 d6 7. Bc4 Nb6 8. Bb3 e6 9. O-O Be7 10. Nc3 dxe5 11. dxe5 Qxd1 ({RR} 11... O-O 12. Qe2 Nd4 13. Nxd4 Qxd4 14. Rd1 Qh4 15. Be3 Rd8 16. Rxd8+ Bxd8 17. Rd1 Qe7 18. Bc5 Qe8 19. Qd2 Bc7 20. Qd4 h6 21. Ne4 Qc6 22. Nf6+ gxf6 23. Qg4+ Kh8 24. Bf8 {1-0 (24) Svane,F (2568)-Souleidis,G (2410) chess.com INT 2022}) 12. Rxd1 a6 ({RR} 12... O-O 13. Be3 Na5 14. Nd4 Nac4 15. Ndb5 Nxe3 16. fxe3 Bd7 17. Nd6 Bc6 18. Rac1 Rfd8 19. Kf2 Nd7 20. Nc4 Nc5 21. Bc2 Rxd1 22. Rxd1 Rd8 23. Rxd8+ Bxd8 24. b4 b5 25. bxc5 bxc4 26. Be4 Ba5 27. Bxc6 {Ismagilov,D (2143)-Zou,C (2449) chess.com INT 2024 ½-½ (101)}) 13. Ne4 O-O 14. Bg5 $146 ({RR} 14. Bf4 Na5 15. Bc2 Nd5 16. Bg5 Bxg5 17. Nfxg5 h6 18. Nf3 Nc4 19. b3 Na3 20. Bd3 Nb5 21. Rac1 Na7 22. Bc4 Nf4 23. g3 Ng6 24. Nd6 Nc6 25. Re1 Rd8 26. Rcd1 Rb8 27. Bf1 Bd7 28. Bg2 Nb4 {Zarubin,I (1754)-Bienhuels,F (1947) Germany 2009 0-1 (61)}) 14... Bxg5 15. Nexg5 h6 16. Nh3 g5 17. g4 Nd7 18. Re1 Nc5 19. Re3 Nxb3 20. Rxb3 b5 21. Rc3 Bb7 22. a3 Na5 23. Kf1 Nc4 24. b3 Nb6 25. Nhg1 Nd5 26. Rc5 a5 27. Ke1 b4 28. h4 gxh4 29. Nxh4 Nf4 30. Rc7 Bd5 31. Kd2 Bxb3 32. Rd7 Rfd8 33. Rd6 Rxd6+ 34. exd6 bxa3 35. Rxa3 a4 36. Ne2 Nxe2 37. Kxe2 Rd8 38. Nf3 Rxd6 39. Nd2 Rb6 40. Ne4 Rc6 41. Nd2 Rc2 42. Ra1 Ra2 43. Rxa2 Bxa2 44. Kd3 a3 45. Kc3 Bd5 46. Nf1 a2 47. Kb2 e5 48. Ne3 Be6 49. f3 Kg7 50. Ng2 Kf6 51. Ne1 Kg5 52. Nd3 e4 53. fxe4 Kxg4 54. Nc1 Bc4 55. Nxa2 Bxa2 56. Kxa2 h5 0-1

[Event "Campeonato Estadual Absoluto Std RJ 202"]
[Site "TTC Sala de Xadrez Ed Leonard"]
[Date "2025.11.20"]
[Round "1.6"]
[White "Frolov, Ivan"]
[Black "Mattos, Bernardo Cunha"]
[Result "1-0"]
[WhiteElo "2029"]
[BlackElo "1779"]
[PlyCount "81"]
[EventDate "2025.11.20"]
[EventRounds "6"]
[EventCountry "BRA"]

1. Nf3 d5 2. g3 Nf6 3. Bg2 Bf5 4. O-O h6 5. b3 e6 6. Bb2 Be7 7. c4 O-O 8. d3 c5 ({RR} 8... Bh7 9. Nbd2 a5 10. a3 Nc6 11. cxd5 exd5 12. Ra2 Re8 13. Qa1 Bf8 14. Bxf6 Qxf6 15. Qxf6 gxf6 16. Nb1 Nd8 17. Nh4 c6 18. Bh3 Ne6 19. Bf5 Nd4 20. Bxh7+ Kxh7 21. Nc3 b5 22. Rb1 Bxa3 23. Rxa3 {Karjakin,S (2743)-Navara,D (2697) Baku 2021 1-0 (43)}) 9. Nbd2 Nc6 10. Ne5 ({RR} 10. cxd5 exd5 11. Rc1 d4 12. Nc4 a5 13. Nfe5 Bd7 14. Nxd7 Qxd7 15. Nb6 Qc7 16. Nxa8 Rxa8 17. Qd2 a4 18. b4 cxb4 19. Bxd4 Qa5 20. Bxc6 bxc6 21. Rxc6 Qd5 22. Bxf6 Bxf6 23. Rb6 Bc3 24. e4 Qc5 {Camacho Collados,J (2345)-Sailer,M (2108) chess.com INT 2025 0-1 (43)}) 10... Bd6 $146 ({RR} 10... Nxe5 11. Bxe5 Ng4 12. Bb2 Bf6 13. Qc2 Rc8 14. Rad1 b6 15. h3 Ne5 16. e4 dxe4 17. Nxe4 Nc6 18. Nxf6+ gxf6 19. Qc1 Kg7 20. g4 Bg6 21. Bxc6 Rxc6 22. f4 Kh7 23. Qc3 Rd6 24. Qxf6 Rg8 25. Rf3 {Shen,S (2232)-Ahmad,I (2250) Kuala Lumpur 2005 1-0 (42)}) ({RR} 10... Nxe5 11. Bxe5 Nd7 12. Bb2 Bf6 13. Qc1 Bxb2 14. Qxb2 Nb6 15. cxd5 exd5 16. Rac1 Qe7 17. Rfe1 Rac8 18. Qa3 Rfe8 19. Qxa7 Qf6 20. Qa5 Ra8 21. Qxc5 Rxa2 22. Qb4 Qb2 23. Bf1 Re6 24. Red1 d4 25. Qb5 {Gomez Ledo,R (2396)-Marrero Rodriguez,J (2189) Vega de San Mateo ESP 2024 1-0 (53)}) ({RR} 10... Nxe5 11. Bxe5 Qd7 12. e4 Bg4 13. Qc2 d4 14. Bxf6 Bxf6 15. f4 Bd8 16. h3 Bh5 17. g4 Bg6 18. f5 Bh7 19. Nf3 Bc7 20. Qd2 f6 21. h4 Qd6 22. g5 fxg5 23. e5 Qe7 24. hxg5 Rxf5 25. Bh3 {Garcia Lopez,A (1977)-Salamero Pelay,F (2130) Spain 2011 ½-½ (48)}) 11. Nxc6 bxc6 12. e4 dxe4 13. dxe4 Bg4 14. f3 Bxg3 15. fxg4 Bh4 16. Nf3 Nxg4 17. Qxd8 Bxd8 18. Ne5 Ne3 19. Rf3 Bg5 20. Nxc6 Kh7 21. Re1 Rac8 22. Ne5 f6 23. Nd3 Nc2 24. Re2 Nd4 25. Bxd4 cxd4 26. Bh3 Be3+ 27. Kg2 Rc6 28. c5 g5 29. Ne5 Rcc8 30. Nd7 Rfd8 31. Bxe6 Rc6 32. Nxf6+ Kg7 33. Nh5+ Kh8 34. Rf6 Rxe6 35. Rxe6 d3 36. Re1 d2 37. Rd1 g4 38. Rd6 Rc8 39. R1xd2 Bxd2 40. Rxd2 Rxc5 41. Rd8+ 1-0

[Event "Campeonato Estadual Absoluto Std RJ 202"]
[Site "TTC Sala de Xadrez Ed Leonard"]
[Date "2025.11.20"]
[Round "1.7"]
[White "Mesquita, Arnaldo Leite"]
[Black "Santos Filho, Tadeu Sousa"]
[Result "1-0"]
[WhiteElo "1756"]
[BlackElo "2016"]
[PlyCount "87"]
[EventDate "2025.11.20"]
[EventRounds "6"]
[EventCountry "BRA"]

1. d4 Nf6 2. c4 e6 3. Nf3 d5 4. g3 Ne4 5. Nbd2 f5 6. Bg2 Be7 7. O-O Nc6 8. Ne5 Nxe5 9. dxe5 c6 10. cxd5 $146 ({RR} 10. Qc2 O-O 11. Nxe4 fxe4 12. c5 Qc7 13. Qc3 b6 14. Be3 bxc5 15. Bxc5 Bxc5 16. Qxc5 Ba6 17. Bh3 Bxe2 18. Rfe1 Bd3 19. Bxe6+ Kh8 20. Rad1 Qxe5 21. Rxd3 Qxe6 22. Rc3 Rf6 23. f4 h5 24. Qd4 Qg4 {Arias,M (2279)-Kiolbasa,O (2393) Spilimbergo ITA 2025 0-1 (37)}) 10... cxd5 11. Nxe4 fxe4 12. Be3 O-O 13. Qb3 Bd7 14. Rfd1 Bc6 15. Bxe4 Qe8 16. Bg2 Ba4 17. Qxb7 Bxd1 18. Rxd1 Rb8 19. Qa6 Qc8 20. Qxa7 Rb7 21. Qd4 Qb8 22. Bh3 Qc8 23. Qg4 Rf5 24. Rc1 Qd7 25. Qd4 Rf8 26. Qc3 Kf7 27. Bd4 g6 28. Qc6 Re8 29. Bxe6+ Qxe6 30. Qxb7 Kf8 31. Rc6 Qg4 32. Rf6+ Kg7 33. Rf4 Qe6 34. Qb6 Qc8 35. Bc3 Bg5 36. Rf3 Kh6 37. Rf7 d4 38. Qxd4 Rd8 39. Qa7 Rd1+ 40. Kg2 Qc6+ 41. f3 Bf6 42. Rxh7+ Kg5 43. h4+ Kf5 44. Rf7 1-0

[Event "Campeonato Estadual Absoluto Std RJ 202"]
[Site "TTC Sala de Xadrez Ed Leonard"]
[Date "2025.11.20"]
[Round "1.8"]
[White "Yunes, David Teles"]
[Black "Sarmento, Flora Ferreira"]
[Result "1-0"]
[WhiteElo "1990"]
[BlackElo "1712"]
[PlyCount "61"]
[EventDate "2025.11.20"]
[EventRounds "6"]
[EventCountry "BRA"]

1. e4 c5 2. Nf3 Nc6 3. Bb5 a6 4. Bxc6 bxc6 5. O-O Nf6 6. Re1 g6 7. c3 Bg7 8. e5 Nd5 9. d4 cxd4 10. cxd4 $146 ({RR} 10. c4 Nb6 11. Qxd4 d5 12. cxd5 cxd5 13. Nc3 Bb7 14. Qh4 O-O 15. Bh6 e6 16. Ng5 f6 17. Nxe6 Qd7 18. Nxg7 fxe5 19. Rxe5 Rf7 20. Rae1 Qd6 21. Qd4 Nc4 22. Re8+ {1-0 (22) Sordia,M (1363)-Pritulina,N (1125) Batumi 2022}) ({RR} 10. c4 Nb6 11. Qxd4 d5 12. cxd5 cxd5 13. Nc3 Bb7 14. Qh4 O-O 15. Bh6 e6 16. Ng5 f6 17. Nxe6 Qd7 18. Nxg7 fxe5 19. Rxe5 Rf7 20. Rae1 Qd6 21. Qd4 Nc4 22. Re8+ {1-0 (22) Sordia,M (1363)-Pritulina,N (1125) Batumi 2022}) 10... O-O 11. Nc3 Nxc3 12. bxc3 d6 13. Bf4 Bf5 14. Qd2 Rb8 15. h3 Qd7 16. Bh6 Rb7 17. Bxg7 Kxg7 18. Re2 Rfb8 19. Qg5 dxe5 20. Nxe5 Rb1+ 21. Re1 Rxe1+ 22. Rxe1 Qe6 23. Qd2 Qd6 24. Nc4 Qd7 25. Qe2 Rb7 26. Ne5 Qd6 27. Qxa6 Rb2 28. Nc4 Qf4 29. Nxb2 Qd2 30. Qe2 Qxc3 31. Qe5+ 1-0

[Event "Campeonato Estadual Absoluto Std RJ 202"]
[Site "TTC Sala de Xadrez Ed Leonard"]
[Date "2025.11.20"]
[Round "1.9"]
[White "Pedro, Arthur Ventura Tome"]
[Black "Baptista, Andre Kemper"]
[Result "1/2-1/2"]
[WhiteElo "1615"]
[BlackElo "1925"]
[PlyCount "71"]
[EventDate "2025.11.20"]
[EventRounds "6"]
[EventCountry "BRA"]

1. e4 g6 2. d4 Bg7 3. Nc3 d6 4. Bg5 Nf6 5. e5 dxe5 6. dxe5 Nfd7 7. Nd5 c6 8. Nxe7 Qa5+ 9. c3 Qxe5+ 10. Qe2 Qxe2+ 11. Bxe2 Nb6 12. Nxc8 Nxc8 13. Rd1 $146 ({RR} 13. Nf3 O-O 14. O-O Nb6 15. Rad1 Re8 16. Rfe1 N8d7 17. a4 a5 18. Rd2 Ne5 19. Nxe5 Rxe5 20. Bf4 Re4 21. Be3 Nxa4 22. Bf3 Re6 {½-½ (22) Koksch,G-Rupprecht,H Stade 1992}) 13... O-O 14. h4 Nb6 15. h5 h6 16. Be3 Nd5 17. hxg6 Nxe3 18. gxf7+ Kxf7 19. fxe3 Ke7 20. Nh3 Nd7 21. Nf4 Ne5 22. Rh3 Rad8 23. Rd4 Rd6 24. Rxd6 Kxd6 25. Rg3 Bf6 26. Kd1 b5 27. Kc2 a5 28. Nd3 Nxd3 29. Bxd3 Bg5 30. Kb3 Rf2 31. a3 Kc5 32. Ka2 Kb6 33. Be4 Re2 34. Bd3 Rf2 35. Be4 c5 36. Rf3 1/2-1/2

[Event "Campeonato Estadual Absoluto Std RJ 202"]
[Site "TTC Sala de Xadrez Ed Leonard"]
[Date "2025.11.20"]
[Round "1.10"]
[White "De Miranda, Eduardo Rodrigues C"]
[Black "Andriska, Matheus Jose Amante"]
[Result "1-0"]
[WhiteElo "1918"]
[BlackElo "1534"]
[PlyCount "65"]
[EventDate "2025.11.20"]
[EventRounds "6"]
[EventCountry "BRA"]

1. e4 e5 2. Bc4 Nf6 3. d3 c6 4. Nf3 d5 5. Bb3 Nbd7 6. Nc3 ({RR} 6. O-O Bd6 7. Nc3 d4 8. Ne2 Nc5 9. c3 Nxb3 10. axb3 dxc3 11. bxc3 O-O 12. Ng3 Re8 13. Nh4 g6 14. h3 Be6 15. Nf3 Qc7 16. Ng5 a5 17. Nxe6 Rxe6 18. b4 b5 {½-½ (18) Benjamin,J (2595)-Sokolin,L (2515) Denver 1998}) ({RR} 6. exd5 cxd5 7. O-O Bd6 8. Nc3 d4 9. Nb5 Be7 10. c3 a6 11. cxd4 axb5 12. dxe5 Ng4 13. d4 Ra6 14. h3 Nh6 15. d5 Bb4 16. Bg5 Be7 17. Bd2 Bc5 18. Rc1 b6 19. Bg5 Qc7 20. e6 fxe6 {Oratovsky,M (2422)-Mahitosh,D (2245) Stockholm SWE 2025 1-0 (35)}) 6... Bb4 7. O-O d4 $146 ({RR} 7... Bxc3 8. bxc3 dxe4 9. Ng5 O-O 10. Ba3 c5 11. Nxe4 Nxe4 12. dxe4 Qa5 13. Bb2 Nb6 14. c4 Be6 15. Bxe5 Qa6 16. Qh5 f6 17. Bd6 Rfc8 18. e5 Nxc4 19. Rad1 Bf7 20. Qg4 fxe5 21. Bxc4 Qxc4 22. f4 {Marrero Lopez,Y (2278)-Bispo,L (2192) Santos 2011 1-0 (48)}) ({RR} 7... dxe4 8. Ng5 O-O 9. Ngxe4 a5 10. a3 Be7 11. Qe2 h6 12. Kh1 Nc5 13. Nxc5 Bxc5 14. Be3 Bd4 15. Rae1 Bg4 16. Qd2 Qc7 17. Bxh6 Nh7 18. Be3 Kh8 19. f4 Rae8 20. fxe5 Bxe5 21. Bc5 Bxh2 22. Bxf8 {Sikora Lerch,J (2395)-Votava,J (2410) Czech Republic 1993 ½-½ (70)}) ({RR} 7... O-O 8. exd5 Bxc3 9. dxc6 bxc6 10. bxc3 h6 11. Re1 Re8 12. a4 a5 13. Ba3 Qc7 14. Nd2 Nb6 15. h3 Nbd5 16. Bb2 Rb8 17. Qf3 Nf4 18. Nc4 Ng6 19. Ba3 Rd8 20. Qg3 Nd5 21. Nxe5 Nxe5 22. Rxe5 {Vlassov,N (2283)-Vifleemskaia,S (1947) chess.com INT 2023 1-0 (31)}) 8. Ne2 Qc7 9. c3 dxc3 10. Bxf7+ Kxf7 11. Qb3+ Ke8 12. Qxb4 cxb2 13. Bxb2 h6 14. Ng3 g6 15. d4 exd4 16. Qxd4 c5 17. Qa4 Rf8 18. e5 Nd5 19. e6 N5b6 20. Qc2 Rg8 21. Ne4 Ke7 22. exd7 Nxd7 23. Rfe1 Kd8 24. Bf6+ Nxf6 25. Nxf6 Rf8 26. Rad1+ Bd7 27. Rxd7+ Qxd7 28. Nxd7 Kxd7 29. Qxc5 Rf7 30. Ne5+ Ke8 31. Nxf7+ Kxf7 32. Re7+ Kg8 33. Qe5 1-0

[Event "Campeonato Estadual Absoluto Std RJ 202"]
[Site "TTC Sala de Xadrez Ed Leonard"]
[Date "2025.11.20"]
[Round "1.11"]
[White "Laborao, Samuel Eduardo Ferr"]
[Black "Lopes, Eduardo Moraes"]
[Result "0-1"]
[WhiteElo "1506"]
[BlackElo "1912"]
[PlyCount "54"]
[EventDate "2025.11.20"]
[EventRounds "6"]
[EventCountry "BRA"]

1. c4 Nf6 2. Nc3 g6 3. g3 Bg7 4. Bg2 O-O 5. Nf3 d6 6. d4 c6 7. e4 Qe8 $146 ({RR} 7... e6 8. O-O d5 9. Bg5 Qb6 10. Bxf6 Bxf6 11. b3 dxc4 12. bxc4 Rd8 13. e5 Be7 14. Qe2 Qa6 15. Ne4 Nd7 16. Rfd1 b6 17. Qc2 Bb7 18. c5 Qa5 19. Rab1 Rab8 20. h3 Ba6 21. Rdc1 bxc5 22. Rxb8 {Simonovic,B-Puc,S Belgrade 1949 1-0 (54)}) ({RR} 7... e5 8. O-O Bg4 9. d5 Na6 10. Be3 c5 11. h3 Bd7 12. Ne1 Qe8 13. Nd3 Nh5 14. g4 Nf6 15. f4 Qe7 16. f5 Ne8 17. Qd2 Nec7 18. a4 Rfc8 19. b3 Ne8 20. g5 f6 21. h4 Nec7 22. Bh3 {Stohl,I (2560)-Sokolov,I (2630) Manila 1992 ½-½ (61)}) ({RR} 7... d5 8. e5 Ne4 9. Nxe4 dxe4 10. Ng5 f5 11. h4 c5 12. d5 Bxe5 13. h5 Qd6 14. Nxh7 Rd8 15. hxg6 Qxg6 16. Rh6 Qe8 17. Qd2 Rd6 18. Qg5+ Bg7 19. Rxd6 Kxh7 20. Rh6+ Bxh6 21. Qxh6+ Kg8 22. Qg5+ {Zavarce Sayago,O (2330)-Marichal Gonzalez,A (2317) Porlamar 2018 ½-½ (42)}) ({RR} 7... d5 8. e5 Ne4 9. Nxe4 dxe4 10. Ng5 c5 11. Nxe4 cxd4 12. f4 Nc6 13. O-O a5 14. Nc5 Qc7 15. Nd3 a4 16. Bd2 Bf5 17. Qe2 Qb6 18. g4 Be6 19. Rac1 Na5 20. Bd5 Rfc8 21. f5 Bxd5 22. cxd5 {Elstner,R-Schmidt,W Berlin 1952 1-0 (32)}) ({RR} 7... e5 8. O-O exd4 9. Nxd4 Re8 10. Bf4 Nh5 11. Be3 Nd7 12. g4 Nhf6 13. g5 Nh5 14. f4 Nc5 15. Qd2 a5 16. Bf3 Bh3 17. Rf2 Qe7 18. Re1 h6 19. f5 hxg5 20. fxg6 Nf4 21. Bxf4 gxf4 22. gxf7+ {Ruckschloss,K-Janos,I Bratislava 1979 1-0 (80)}) 8. O-O e5 9. d5 Qe7 10. Re1 Na6 11. a3 Nc7 12. h3 cxd5 13. cxd5 a5 14. Be3 Na6 15. Qd2 Nd7 16. g4 Ndc5 17. Bxc5 Nxc5 18. Qc2 a4 19. Nd2 Bd7 20. b4 axb3 21. Nxb3 Rfc8 22. Nxc5 Rxc5 23. Qb2 Rac8 24. Rac1 Bh6 25. Rc2 Ba4 26. Nxa4 Rxc2 27. Qb4 Bd2 0-1

[Event "Campeonato Estadual Absoluto Std RJ 202"]
[Site "TTC Sala de Xadrez Ed Leonard"]
[Date "2025.11.20"]
[Round "1.12"]
[White "Reimberg, Arthur Bernardo"]
[Black "Grechi, Marcelo Rezende"]
[Result "1-0"]
[WhiteElo "1905"]
[BlackElo "1810"]
[PlyCount "59"]
[EventDate "2025.11.20"]
[EventRounds "6"]
[EventCountry "BRA"]

1. c4 Nf6 2. Nc3 g6 3. g3 Bg7 4. Bg2 O-O 5. e4 d6 6. Nge2 e5 7. O-O c5 ({RR} 7... Nbd7 8. h3 a6 9. d3 Rb8 10. Be3 b5 11. Qd2 Nc5 12. Nd5 Be6 13. Nxf6+ Bxf6 14. cxb5 axb5 15. Rfc1 Qd7 16. Kh2 Be7 17. d4 exd4 18. Bxd4 Rfd8 19. b3 f5 20. exf5 Bxf5 21. Bd5+ Be6 22. Nf4 {Sher,M (2500)-Glavina,P (2420) Oviedo 1993 1-0 (33)}) 8. d3 h6 ({RR} 8... Nh5 9. f4 f5 10. exf5 gxf5 11. Be3 Nc6 12. Nd5 Nf6 13. fxe5 Nxe5 14. Bg5 Qd7 15. Nef4 Kh8 16. Qd2 Qf7 17. Nxf6 Bxf6 18. Bd5 Qg7 19. Bxf6 Qxf6 20. Rae1 Bd7 21. Bxb7 Rab8 22. Bd5 Rxb2 23. Qa5 {Medvedyk,V (2205)-Harshavardhan,G (2397) Chess.com INT 2020 0-1}) 9. h3 $146 ({RR} 9. Rb1 Nc6 10. a3 a5 11. Bd2 Bd7 12. Nb5 Ne8 13. Nec3 Nd4 14. b4 Nxb5 15. cxb5 axb4 16. axb4 b6 17. Qb3 Nc7 18. bxc5 dxc5 19. Ra1 Be6 20. Rxa8 Bxb3 21. Rxd8 Rxd8 22. Ra1 Rxd3 23. Be1 Rd6 {Kebis,M (2160)-Janos,J Slovakia 1997 0-1 (33)}) 9... Nc6 10. Be3 g5 11. Qd2 Be6 12. Nd5 Bxd5 13. cxd5 Nd4 14. Nc3 Qd7 15. h4 Qg4 16. hxg5 hxg5 17. Bxg5 Rae8 18. Be3 a6 19. Bxd4 cxd4 20. Ne2 Rc8 21. f3 Qd7 22. Kf2 Nh7 23. Rh1 f5 24. Bh3 Qe7 25. Bxf5 Rxf5 26. exf5 Nf6 27. Rac1 Rc6 28. b4 Rc3 29. Nxc3 dxc3 30. Qe3 1-0